The Mexican Muralists. (Record no. 626)
[ view plain ]
| 000 -CABECERA | |
|---|---|
| campo de control de longitud fija | 00893nam a2200229 a 4500 |
| 001 - NÚMERO DE CONTROL | |
| campo de control | BRCA_725 |
| 005 - FECHA Y HORA DE LA ÚLTIMA TRANSACCIÓN | |
| campo de control | 20190320203125.0 |
| 008 - DATOS DE LONGITUD FIJA--INFORMACIÓN GENERAL | |
| campo de control de longitud fija | 120805s1993----be-a---###---#000-0#eng-# |
| 020 ## - NÚMERO INTERNACIONAL ESTÁNDAR DEL LIBRO | |
| Número Internacional Estándar del Libro | 9069880547 |
| 050 #4 - SIGNATURA TOPOGRÁFICA DE LA BIBLIOTECA DEL CONGRESO | |
| Número de clasificación | ND2644 |
| Número de documento/Ítem | .M49 1993 |
| 245 10 - MENCIÓN DE TÍTULO | |
| Título | The Mexican Muralists. |
| 260 ## - PUBLICACIÓN, DISTRIBUCIÓN, ETC. | |
| Lugar de publicación, distribución, etc. | [Bruselas] |
| Nombre del editor, distribuidor, etc. | Foundation Europalia Internacional |
| Fecha de publicación, distribución, etc. | 1993 |
| 300 ## - DESCRIPCIÓN FÍSICA | |
| Extensión | 205 p. |
| Otras características físicas | il. (algunas a color) |
| Dimensiones | 27 cm. |
| 500 ## - NOTA GENERAL | |
| Nota general | Catálogo de la exposición realizada en el Museo Voor Schone Kunston, (Gent, Belgium)25 septiembre - 12 diciembre, 1993 |
| 500 ## - NOTA GENERAL | |
| Nota general | Incluye lista selecta de museos de la Ciudad de México |
| 500 ## - NOTA GENERAL | |
| Nota general | 2do. ejemplar en el Área de Investigación |
| 504 ## - NOTA DE BIBLIOGRAFÍA, ETC. | |
| Nota de bibliografía, etc. | Bibliografía: p. 204-205 |
| 650 14 - PUNTO DE ACCESO ADICIONAL DE MATERIA--TÉRMINO DE MATERIA | |
| Término de materia o nombre geográfico como elemento de entrada | Pintura mural mexicana |
| Subdivisión de forma | Exposiciones |
| 9 (RLIN) | 2392 |
| 650 14 - PUNTO DE ACCESO ADICIONAL DE MATERIA--TÉRMINO DE MATERIA | |
| Término de materia o nombre geográfico como elemento de entrada | pintura mural |
| Subdivisión de forma | Exposiciones |
| Subdivisión cronológica | Siglo XX |
| Subdivisión geográfica | México |
| 9 (RLIN) | 2393 |
| 711 2# - PUNTO DE ACCESO ADICIONAL--NOMBRE DE REUNIÓN/CONGRESO | |
| Nombre de congreso/reunión o jurisdicción como elemento de entrada | Europalia |
| Fecha del congreso/reunión | 1993 |
| Sede del congreso/Lugar de la reunión | Ghent, Belgium |
| 9 (RLIN) | 2394 |
| 942 ## - ELEMENTOS DE PUNTO DE ACCESO ADICIONAL (KOHA) | |
| Fuente del sistema de clasificación o colocación | Library of Congress Classification |
| Tipo de ítem Koha | Libros |
| Estado de retiro | Estado de pérdida | Estado dañado | No para préstamo | Localización permanente | Ubicación/localización actual | Fecha de adquisición | Total de préstamos | Signatura topográfica completa | Código de barras | Fecha visto por última vez | Precio válido a partir de | Tipo de ítem Koha | Código de colección |
|---|---|---|---|---|---|---|---|---|---|---|---|---|---|
| El ejemplar forma parte de la colección y puede ser consultado según las políticas vigentes. | Biblioteca del Museo Franz Mayer (Rogerio Casas-Alatriste) | Biblioteca del Museo Franz Mayer (Rogerio Casas-Alatriste) | 26/06/2008 | ND2644 .M49 1993 | 01115 | 22/03/2019 | 22/03/2019 | Libros | |||||
| El ejemplar forma parte de la colección y puede ser consultado según las políticas vigentes. | Biblioteca del Museo Franz Mayer (Rogerio Casas-Alatriste) | Biblioteca del Museo Franz Mayer (Rogerio Casas-Alatriste) | 02/02/2012 | ND2644 .M49 1993 | 02587 | 22/03/2019 | 22/03/2019 | Libros | Acervo General |